000 00376pab a2200145 454500
008 180718b2017 xxu||||| |||| 00| 0 eng d
100 _aGoel, M.M.
245 _aYouth development index: a necessary innovation for development of the country
260 _c2017
300 _ap.8-10.
362 _a30 Sep
650 _aYouth
773 _aUniversity News
909 _a116151
999 _c116145
_d116145